GETS Theological Seminary Library

History of the Christian church: (Record no. 409)

MARC details
000 -LEADER
fixed length control field 00567nam a2200193Ia 4500
008 - FIXED-LENGTH DATA ELEMENTS--GENERAL INFORMATION
fixed length control field 200711s9999 xx 000 0 und d
020 ## - INTERNATIONAL STANDARD BOOK NUMBER
International Standard Book Number 156563196x
020 ## - INTERNATIONAL STANDARD BOOK NUMBER
International Standard Book Number 9781565631960
041 ## - LANGUAGE CODE
Language code of text/sound track or separate title eng
050 ## - LIBRARY OF CONGRESS CALL NUMBER
Classification number BR145.S6
Item number .H5 2006
100 ## - MAIN ENTRY--PERSONAL NAME
Personal name "Schaff, Philip"
245 ## - TITLE STATEMENT
Title History of the Christian church:
Remainder of title The German Refoemation 1517-1530/
Statement of responsibility, etc. " Philip Schaff"
260 ## - PUBLICATION, DISTRIBUTION, ETC.
Place of publication, distribution, etc. "Peabody, Mass :"
Name of publisher, distributor, etc. "Hendrickson Publishers, Inc,"
Date of publication, distribution, etc. 2006
300 ## - PHYSICAL DESCRIPTION
Extent "xiii, 755 p."
Other physical details ;
Dimensions 23 cm.
650 ## - SUBJECT ADDED ENTRY--TOPICAL TERM
Topical term or geographic name entry element Church history.
650 ## - SUBJECT ADDED ENTRY--TOPICAL TERM
Topical term or geographic name entry element Reformation.
949 ## - LOCAL PROCESSING INFORMATION (OCLC)
v v. 7
Holdings
Withdrawn status Lost status Source of classification or shelving scheme Damaged status Not for loan Home library Current library Shelving location Date acquired Total Checkouts Full call number Barcode Date last seen Copy number Price effective from Koha item type
    Library of Congress Classification     GETS Theological Seminary Library GETS Theological Seminary Library Duplicate Section 07/12/2020   BR145.S6 .H5 2006 00000393 07/12/2020 c. 2 07/12/2020 English Books
OpacCredits

Contact the Librarian, GETS Library
Email: library@mygets.org









Implemented by GETS Library
(Powered by ETCA Professional Group)
GETS Theological Seminary
412 E. Rowland Street, CA 91723